Music Quiz

Random Music or Song Quiz

Kelly Clarkson Lyrics Quiz Stats

 Plays Quiz not verified by Sporcle

Score 0/10 Timer 10:00
0 Plays Today
Lyrics Song % Correct
I will not make the same mistakes that you didBecause of You
93.4%
I don't know what he's afterBeautiful Disaster
64.2%
It's like I can't breathe without you inside of meAddicted
59.6%
We were never meant for do or dieAlready Gone
58.5%
Can't reach that far 'cause it's impossibleImpossible
51.7%
Hearts break to fast when they're sentimentalIf I Can't Have You
34.1%
And I'm hoping my dreams bring you close to meHear Me
32.3%
All you have to do is hold meMaybe
32.1%
They say you're here every momentIrvine
30.3%
Time in the blink of an eyeHaunted
24.2%

You're not logged in!

Compare scores with friends on all Sporcle quizzes.
OR
Log In

Show Comments

Extras

Created Nov 8, 2010ReportNominate
Tags:Song Quiz, clarkson, kelly

Top Quizzes Today


Score Distribution

Your Account Isn't Verified!

In order to create a playlist on Sporcle, you need to verify the email address you used during registration. Go to your Sporcle Settings to finish the process.

Report this User

Report this user for behavior that violates our Community Guidelines.

Details: